000 00536cam a2200205ua 4500
001 1968
008 110806n ii |||gr||||Z||||||asm
040 _cMAIN
082 _a370.54
100 _aSharma, Mukunda,
_eAuthor.
245 1 _aBharatar shikshar itihas
_cby Mukunda Sharma
250 _a2nd.
260 _aGuahati:
_bAssam book depot,
_c2007.
300 _a452p:
_c23cm.
653 _aEducation
653 _aBharatar shikshar itihas
700 _aDeka, Birendra,
_eAuthor.
700 _aKalita, Pramud,
_eAuthor.
942 _cBK
999 _c1842
_d1842